000 003230000a22001450004500
003 MACL
040 _aMACL
090 _c32788
_d32786
100 _aEales, Rupert
245 _aHow to be a better Teambuilder
260 _bThe Industrial Society
_c1998
350 _a125
650 _aGeneralities
942 _cBOOK
_k001/EAL
999 _c32453
_d32453